000 00516pab a2200181 454500
008 180718b2004 xxu||||| |||| 00| 0 eng d
100 _aZhu, Yuchao
245 _aWorkers, unions and the state: migrant workers in China's labour-intensive foreign enterprises
260 _c2004
300 _ap.1011-036.
362 _aNov
650 _aTrade unions - China
650 _aLabour - China
650 _aMigrant workers - China
650 _aMigrant workers
773 _aDevelopment and Change
909 _a64009
999 _c64009
_d64009